BoyNextDoor Discography - Statistics

General Stats
  • This quiz has been taken 262 times
  • The average score is 22 of 28
Answer Stats
Answer % Correct
Earth, Wind & Fire
95%
One and Only
95%
One and Only (Japanese ver.)
95%
Serenade
94%
Nice Guy
93%
Nice Guy (English ver.)
93%
But I Like You
92%
Dangerous
92%
But Sometimes
91%
But Sometimes (Japanese ver.)
91%
OUR
87%
ABCDLOVE
86%
Earth, Wind & Fire (English ver.)
85%
Earth, Wind & Fire (Japanese ver.)
84%
So let's go see the stars
83%
20
82%
Crying
82%
Amnesia
81%
Dear. My Darling
80%
l i f e i s c o o l
80%
Gonna Be A Rock
75%
SKIT
71%
Call Me
70%
GOOD DAY
65%
Fadeaway
57%
Fadeaway (Inst.)
55%
Lucky Charm
49%
Lucky Charm (Inst.)
49%
No matching quizzes found
Score Distribution
Percent of People with Each Score
Percentile by Number Answered
Your Score History
You have not taken this quiz